[Event "Team junior-boys chess final 2016"]
[Site "Sochi"]
[Date "2016.05.04"]
[Round "4.1"]
[White "Koren, Vladimir"]
[Black "Suvorov, Aleksandr"]
[Result "1/2-1/2"]
[WhiteElo "1826"]
[BlackElo "1938"]
[PlyCount "126"]
[EventDate "2016.05.01"]

1. e4 c5 2. c3 d5 3. exd5 Qxd5 4. d4 Nc6 5. Nf3 Bg4 6. Be2 cxd4 7. cxd4 e6 8.
Nc3 Qa5 9. O-O Nf6 10. Be3 Be7 11. a3 O-O 12. b4 Qd8 13. Rc1 Nd5 14. h3 Bh5 15.
Nxd5 Qxd5 16. Bc4 Bxf3 17. Bxd5 Bxd1 18. Bxc6 bxc6 19. Rfxd1 a5 20. bxa5 Rxa5
21. Rxc6 Bxa3 22. Rb1 h6 23. Rb7 Rd8 24. g3 Bd6 25. Kg2 Rd5 26. Ra6 Bf8 27.
Raa7 f6 28. Kf3 Re8 29. Rd7 Rd8 30. Rdc7 Re8 31. Rd7 Rd8 32. Rxd8 Rxd8 33. Ke4
Bd6 34. g4 Bf8 35. f4 g6 36. h4 Re8 37. Rd7 Ra8 38. g5 hxg5 39. hxg5 Bg7 40.
Bf2 Ra2 41. Bh4 fxg5 42. Bxg5 Ra3 43. Bd8 Ra4 44. Bb6 Ra6 45. Bc5 Ra1 46. Ba7
Re1+ 47. Kd3 Bh6 48. Bb8 g5 49. fxg5 Bxg5 50. Be5 Kf8 51. Ra7 Rf1 52. Bd6+ Kg8
53. Kc4 Rc1+ 54. Kb5 Be3 55. Be5 Kf8 56. Ra3 Bg5 57. Bd6+ Ke8 58. Bc5 Bf6 59.
Rf3 Bg7 60. Kc6 Rc4 61. Rf1 Rc2 62. Rf4 Rc4 63. Re4 Kf7 1/2-1/2

[Event "Team junior-boys chess final 2016"]
[Site "Sochi"]
[Date "2016.05.04"]
[Round "4.1"]
[White "Bobkov, Vadim"]
[Black "Saratovskiy, Dmitiy"]
[Result "1-0"]
[WhiteElo "1887"]
[BlackElo "1938"]
[PlyCount "143"]
[EventDate "2016.05.01"]

1. d4 f5 2. Nc3 Nf6 3. Bg5 d6 4. Bxf6 exf6 5. e3 g6 6. Qf3 Bg7 7. Bd3 c6 8.
Nge2 Be6 9. h3 Qd7 10. Nf4 Bf7 11. g4 fxg4 12. hxg4 Qe7 13. O-O-O Nd7 14. Rh2
O-O-O 15. Rdh1 Nf8 16. Kb1 Bg8 17. a4 Qc7 18. d5 c5 19. Nxg6 hxg6 20. Rxh8 Bxh8
21. Rxh8 Nh7 22. Bxg6 Qg7 23. Qf5+ Kb8 24. Rxg8 Rxg8 25. Bxh7 Re8 26. Qg6 Qd7
27. Bg8 a6 28. Be6 Qe7 29. Qf7 Qxf7 30. Bxf7 Rf8 31. Be6 Kc7 32. Ne4 b5 33.
axb5 axb5 34. c3 c4 35. Kc2 Rh8 36. Nxf6 Rh2 37. Ne4 Rg2 38. g5 Kb6 39. Bf7 Kc7
40. g6 Kd7 41. Kd1 Ke7 42. Ke2 Rg1 43. Ng3 Rb1 44. Nf5+ Kf6 45. Be6 Rxb2+ 46.
Kf3 Kxg6 47. Nxd6 b4 48. cxb4 c3 49. Bf5+ Kf6 50. Ne4+ Kxf5 51. Nxc3 Rxb4 52.
e4+ Ke5 53. Ke3 Kd6 54. f4 Kc5 55. Ne2 Rb3+ 56. Kf2 Ra3 57. Ng3 Rd3 58. Kg2 Kd6
59. Kh3 Ra3 60. Kg4 Ra8 61. Nf5+ Kc5 62. Kg5 Re8 63. d6 Kc6 64. e5 Kd7 65. Ng7
Rf8 66. f5 Kc6 67. f6 Rh8 68. e6 Kxd6 69. e7 Kd7 70. e8=Q+ Rxe8 71. Nxe8 Kxe8
72. Kg6 1-0

[Event "Team junior-boys chess final 2016"]
[Site "Sochi"]
[Date "2016.05.04"]
[Round "4.2"]
[White "Sokolov, Nikita Dm"]
[Black "Nesterov, Arseniy"]
[Result "1/2-1/2"]
[WhiteElo "2126"]
[BlackElo "2273"]
[PlyCount "80"]
[EventDate "2016.05.01"]

1. d4 e6 2. Nf3 f5 3. g3 b6 4. Bg2 Bb7 5. O-O Nf6 6. c4 Be7 7. Nc3 O-O 8. b3 d6
9. Bb2 Qe8 10. d5 e5 11. Ng5 Bd8 12. Ne6 Rf7 13. e4 fxe4 14. Nxe4 Nbd7 15. f4
exf4 16. Rxf4 Ne5 17. Qe2 Nxe4 18. Rxf7 Qxf7 19. Qxe4 Bf6 20. Rf1 Qxe6 21. dxe6
Bxe4 22. Bxe4 Rd8 23. Bxe5 dxe5 24. Bc6 Kf8 25. Bd7 Ke7 26. Kf2 Rf8 27. Ke2 e4
28. Rf4 e3 29. h4 Be5 30. Rxf8 Kxf8 31. g4 Bd4 32. a4 a5 33. Bc6 Ke7 34. Be4 h6
35. Bf5 Kf6 36. Kf3 Bc5 37. h5 Ke5 38. e7 Bxe7 39. Kxe3 Bc5+ 40. Kf3 Bb4
1/2-1/2

[Event "Team junior-boys chess final 2016"]
[Site "Sochi"]
[Date "2016.05.04"]
[Round "4.2"]
[White "Poliakov, Artem"]
[Black "Yarygin, Maksim"]
[Result "1/2-1/2"]
[WhiteElo "2168"]
[BlackElo "1930"]
[PlyCount "188"]
[EventDate "2016.05.01"]

1. d4 Nf6 2. c4 g6 3. Nc3 d5 4. cxd5 Nxd5 5. e4 Nxc3 6. bxc3 Bg7 7. Bc4 c5 8.
Ne2 O-O 9. O-O Nc6 10. Be3 Qc7 11. dxc5 Ne5 12. Qb3 e6 13. h3 a6 14. a4 Re8 15.
Nf4 Bf8 16. Be2 Bxc5 17. Bxc5 Qxc5 18. Qb4 Qc7 19. g3 Bd7 20. a5 Rac8 21. Rfc1
Bc6 22. Rd1 Red8 23. Ng2 Rxd1+ 24. Rxd1 Rd8 25. Re1 Qd6 26. f4 Qxb4 27. cxb4
Nd7 28. Rd1 Bxe4 29. b5 axb5 30. Bxb5 Bd5 31. Ne3 Nf6 32. a6 bxa6 33. Bxa6 Ra8
34. Nxd5 exd5 35. Bb7 Ra3 36. Kh2 Nh5 37. Bxd5 Nxg3 38. Bc4 Nf5 39. Rd7 Nh6 40.
Kg2 Kg7 41. Be6 Ra6 42. Bg4 Ng8 43. Rd3 Nf6 44. Bf3 Ne8 45. Rd2 h5 46. f5 Nd6
47. fxg6 fxg6 48. Be2 Rb6 49. Bd3 Nf7 50. Re2 h4 51. Re7 Kf6 52. Ra7 Rb2+ 53.
Kf1 Ne5 54. Be2 Kf5 55. Ra4 g5 56. Rd4 Rb3 57. Kg2 Rb2 58. Kf1 Rb3 59. Kg2 Rg3+
60. Kh2 Re3 61. Bd1 Kf6 62. Rd6+ Ke7 63. Rd5 Ke6 64. Rd8 Ra3 65. Kg2 Ra2+ 66.
Kg1 Ra3 67. Kg2 Ng6 68. Bg4+ Ke5 69. Rg8 Nf4+ 70. Kh2 Ra2+ 71. Kh1 Kf6 72. Rf8+
Kg7 73. Rc8 Nd3 74. Kg1 Nf4 75. Kh1 Kf6 76. Rh8 Kg7 77. Rc8 Ra7 78. Rc5 Kf6 79.
Rf5+ Kg6 80. Rc5 Ra6 81. Bf5+ Kf6 82. Bg4 Rd6 83. Rf5+ Kg6 84. Rf8 Rf6 85. Rg8+
Kh6 86. Rh8+ Kg7 87. Rd8 Rc6 88. Ra8 Rd6 89. Ra7+ Kf6 90. Ra5 Rd5 91. Rxd5 Nxd5
92. Kg2 Ne7 93. Kf3 Nd5 94. Bd7 Kg6 1/2-1/2

[Event "Team junior-boys chess final 2016"]
[Site "Sochi"]
[Date "2016.05.04"]
[Round "4.2"]
[White "Vetokhin, Ilia"]
[Black "Brin, Ilya"]
[Result "0-1"]
[WhiteElo "1799"]
[BlackElo "1817"]
[PlyCount "96"]
[EventDate "2016.05.01"]

1. d4 Nf6 2. c4 c5 3. d5 e6 4. Nc3 exd5 5. cxd5 d6 6. e4 g6 7. f4 Bg7 8. Bb5+
Bd7 9. e5 Nh5 10. Nf3 O-O 11. O-O Bg4 12. Re1 a6 13. Bd3 Re8 14. e6 fxe6 15.
dxe6 d5 16. f5 Bd4+ 17. Kh1 gxf5 18. Bxf5 Bxf5 19. Nxd4 cxd4 20. Qxh5 Bg6 21.
Qe5 Nc6 22. Qg3 dxc3 23. h4 Qf6 24. Bg5 Qg7 25. bxc3 Be4 26. Qh3 h6 27. Bd2 Rf8
28. Re3 Kh8 29. Rg3 Qh7 30. c4 d4 31. e7 Nxe7 32. Qe6 Nc6 33. Bxh6 Rae8 34. Qd6
Rd8 35. Qe6 Bf5 36. Qe2 Qxh6 37. Rg5 Qxh4+ 38. Kg1 Qxg5 39. Rf1 Qe3+ 40. Qxe3
dxe3 41. Re1 Rd3 42. c5 Be4 43. g4 Rf2 44. Rxe3 Rg2+ 45. Kf1 Rxe3 46. a4 Nd4
47. c6 Nc2 48. c7 Re1# 0-1

[Event "Team junior-boys chess final 2016"]
[Site "Sochi"]
[Date "2016.05.04"]
[Round "4.2"]
[White "Petrovskiy, Andrey"]
[Black "Novikov, Roman"]
[Result "1-0"]
[WhiteElo "1616"]
[BlackElo "1711"]
[PlyCount "59"]
[EventDate "2016.05.01"]

1. e4 c5 2. Nc3 Nc6 3. Bb5 e6 4. Nf3 a6 5. Be2 Qc7 6. O-O Nf6 7. a3 b5 8. d3
Be7 9. b3 O-O 10. Bb2 d5 11. exd5 exd5 12. Nd2 Be6 13. Re1 Ne5 14. Bf1 Bd6 15.
g3 Bg4 16. f3 Bh5 17. Bg2 Rac8 18. h3 Ned7 19. g4 Bg6 20. g5 Nh5 21. Nxd5 Bh2+
22. Kh1 Qd6 23. Ne7+ Kh8 24. Nxc8 Rxc8 25. Ne4 Qc7 26. c4 Bf5 27. Ra2 Nf8 28.
f4 Nxf4 29. Bxg7+ Kg8 30. Be5 1-0

[Event "Team junior-boys chess final 2016"]
[Site "Sochi"]
[Date "2016.05.04"]
[Round "4.3"]
[White "Maraktanov, Andrey"]
[Black "Smelykh, Edvin"]
[Result "0-1"]
[WhiteElo "1839"]
[BlackElo "1664"]
[PlyCount "52"]
[EventDate "2016.05.01"]

1. Nf3 Nf6 2. g3 d5 3. d4 e6 4. Bg2 Nbd7 5. O-O c5 6. Bg5 h6 7. Bf4 cxd4 8.
Qxd4 Bc5 9. Qd2 Ne4 10. Qc1 Qb6 11. e3 g5 12. Be5 Nxe5 13. Nxe5 Bd6 14. Nd3 Bd7
15. c4 Rc8 16. b3 dxc4 17. Bxe4 cxd3 18. Qb2 Rf8 19. Bxd3 Qa5 20. f4 gxf4 21.
gxf4 Rg8+ 22. Kf2 Qd5 23. Be2 Rg2+ 24. Ke1 Bb4+ 25. Nd2 Bc3 26. Qc1 Bb5 0-1

[Event "Team junior-boys chess final 2016"]
[Site "Sochi"]
[Date "2016.05.04"]
[Round "4.3"]
[White "Ivanov, Ilya"]
[Black "Abramov, Ilya"]
[Result "0-1"]
[WhiteElo "1669"]
[BlackElo "1939"]
[PlyCount "150"]
[EventDate "2016.05.01"]

1. d4 Nf6 2. c4 g6 3. Nc3 Bg7 4. e4 O-O 5. f4 c5 6. d5 d6 7. Nf3 e6 8. Bd3 exd5
9. cxd5 Qb6 10. Na4 Qc7 11. Nc3 Bd7 12. O-O c4 13. Bc2 b5 14. a3 Qb6+ 15. Kh1
Na6 16. Qe2 Rfe8 17. Be3 Qb7 18. Rae1 Nc7 19. Qd2 a5 20. Bd4 b4 21. Nd1 Bb5 22.
Rg1 Bd7 23. Bxf6 Bxf6 24. e5 Bg7 25. exd6 Nxd5 26. Ne5 Bxe5 27. fxe5 Qb5 28. a4
Qc5 29. Rgf1 b3 30. Be4 Bc6 31. Bxd5 Bxd5 32. Nc3 Be6 33. Ne4 Qb4 34. Nf6+ Kg7
35. Nxe8+ Rxe8 36. Qf4 Qxa4 37. Rd1 Qd7 38. Qf6+ Kg8 39. h4 a4 40. h5 Qd8 41.
Qxd8 Rxd8 42. hxg6 hxg6 43. Ra1 Ra8 44. Rfd1 Bd7 45. Rdc1 Rc8 46. Rc3 Kf8 47.
Rac1 a3 48. bxa3 Bf5 49. d7 Rd8 50. Rxc4 b2 51. a4 bxc1=Q+ 52. Rxc1 Rxd7 53.
Rc5 Ke7 54. Kg1 Ke6 55. Kf2 Rd5 56. Rc3 Kxe5 57. Rc7 Ke6 58. Rc6+ Rd6 59. Rc5
Ra6 60. a5 Kd6 61. Rb5 Kc6 62. Re5 f6 63. Re3 Rxa5 64. Rf3 Ra2+ 65. Kg1 Kd5 66.
g4 Bxg4 67. Rxf6 Bf5 68. Rf8 Ke5 69. Rb8 Kf4 70. Rb4+ Be4 71. Rb8 g5 72. Re8 g4
73. Kf1 g3 74. Rf8+ Ke3 75. Rg8 Ra1# 0-1

[Event "Team junior-boys chess final 2016"]
[Site "Sochi"]
[Date "2016.05.04"]
[Round "4.3"]
[White "Scheritsa, Semen"]
[Black "Tsymbal, Evgeny"]
[Result "1-0"]
[WhiteElo "1671"]
[BlackElo "1652"]
[PlyCount "93"]
[EventDate "2016.05.01"]

1. Nf3 d5 2. g3 c6 3. Bg2 Nf6 4. d4 Bf5 5. c4 Nbd7 6. O-O e6 7. Nbd2 Be7 8. b3
O-O 9. Bb2 h6 10. Ne5 Nxe5 11. dxe5 Nh7 12. e4 dxe4 13. Nxe4 Bxe4 14. Bxe4 Ng5
15. Bg2 Qb6 16. Qc2 Rfd8 17. h4 Nh7 18. Be4 Nf8 19. Rfd1 Bc5 20. Bc3 a5 21. Kg2
Bd4 22. Bxd4 Rxd4 23. c5 Qd8 24. f4 Qd7 25. Rxd4 Qxd4 26. Rd1 Qe3 27. h5 a4 28.
b4 f5 29. exf6 gxf6 30. Qc4 Kg7 31. Bf3 a3 32. Rd3 Qe1 33. Qd4 Qb1 34. Qc4 Ra4
35. Rd4 Qb2+ 36. Kh3 f5 37. Bd1 Ra8 38. g4 Re8 39. Rd3 fxg4+ 40. Bxg4 e5 41.
Bd7 Re7 42. Rg3+ Kf6 43. Qg8 Rf7 44. Be8 Qxa2 45. fxe5+ Ke7 46. Bxf7 Qxf7 47.
Rg7 1-0

[Event "Team junior-boys chess final 2016"]
[Site "Sochi"]
[Date "2016.05.04"]
[Round "4.4"]
[White "Salemgareev, Tagir"]
[Black "Golikov, Daniil"]
[Result "1-0"]
[WhiteElo "2235"]
[BlackElo "2152"]
[PlyCount "55"]
[EventDate "2016.05.01"]

1. d4 d5 2. Nf3 Nf6 3. c4 c6 4. e3 Bf5 5. Nc3 e6 6. Nh4 Bg6 7. Qb3 Qc8 8. Nxg6
hxg6 9. Bd2 Nbd7 10. Rc1 Qb8 11. g3 Bd6 12. Bg2 O-O 13. O-O dxc4 14. Qxc4 e5
15. b4 Nb6 16. Qb3 Rd8 17. b5 c5 18. dxc5 Bxc5 19. Rfd1 Qc7 20. Ne4 Nxe4 21.
Bxe4 Rac8 22. Bxg6 Rd6 23. Bb4 Rxd1+ 24. Qxd1 Qe7 25. Rxc5 Rxc5 26. Bxc5 Qxc5
27. Qd8+ Qf8 28. Bh7+ 1-0

[Event "Team junior-boys chess final 2016"]
[Site "Sochi"]
[Date "2016.05.04"]
[Round "4.4"]
[White "Shinkevich, Maksim"]
[Black "Kalabukhov, Bogdan"]
[Result "1-0"]
[WhiteElo "1940"]
[BlackElo "2056"]
[PlyCount "75"]
[EventDate "2016.05.01"]

1. d4 d5 2. c4 e6 3. Nc3 c6 4. e3 Bd6 5. Nf3 f5 6. Ne5 Nf6 7. Bd3 O-O 8. O-O
Nbd7 9. f4 Ne4 10. Nxe4 fxe4 11. Be2 Nf6 12. Bd2 Bd7 13. Be1 c5 14. Bh4 Bc6 15.
Bg4 Qe8 16. Bh3 Kh8 17. Rc1 cxd4 18. Qxd4 b6 19. Nxc6 Qxc6 20. Bxe6 Bc5 21.
cxd5 Qd6 22. Qd2 Rad8 23. Qe2 Rde8 24. Rfd1 Qxf4 25. Rxc5 Qxh4 26. Rc7 Rd8 27.
Rf1 Rfe8 28. Rf4 Qg5 29. Rf5 Qh6 30. h3 Rd6 31. Qf2 Red8 32. Qg3 Ng8 33. Rff7
Rxd5 34. Bxd5 Rxd5 35. Rxg7 Rd8 36. Rxg8+ Rxg8 37. Qe5+ Rg7 38. Rc8# 1-0

[Event "Team junior-boys chess final 2016"]
[Site "Sochi"]
[Date "2016.05.04"]
[Round "4.4"]
[White "Dudin, Gleb"]
[Black "Levdansky, Alexey"]
[Result "1-0"]
[WhiteElo "1857"]
[BlackElo "1962"]
[PlyCount "59"]
[EventDate "2016.05.01"]

1. d4 d5 2. c4 c6 3. Nf3 Nf6 4. Qc2 e6 5. Nbd2 Nbd7 6. g3 Bd6 7. Bg2 O-O 8. O-O
e5 9. dxe5 Nxe5 10. Nxe5 Bxe5 11. cxd5 Nxd5 12. a3 Qe7 13. Nc4 Bf6 14. e4 Nb6
15. Nxb6 axb6 16. Be3 c5 17. f4 Bd4 18. Bxd4 cxd4 19. Rfd1 Rd8 20. Rd3 Be6 21.
Qf2 Ra4 22. Rad1 Bg4 23. R1d2 Rc4 24. h3 Rc1+ 25. Kh2 Be6 26. Rxd4 Rdc8 27. f5
Bb3 28. Rd7 Qf6 29. e5 Qg5 30. h4 1-0

[Event "Team junior-boys chess final 2016"]
[Site "Sochi"]
[Date "2016.05.04"]
[Round "4.4"]
[White "Zemnitskiy, Alexander"]
[Black "Dunaev, Denis"]
[Result "1-0"]
[WhiteElo "2024"]
[BlackElo "1628"]
[PlyCount "79"]
[EventDate "2016.05.01"]

1. e4 e6 2. d4 d5 3. Nc3 Nf6 4. e5 Nfd7 5. f4 c5 6. Nf3 Nc6 7. Be3 Qb6 8. a3
cxd4 9. Nxd4 Bc5 10. Na4 Qa5+ 11. c3 Bxd4 12. Bxd4 Nxd4 13. Qxd4 O-O 14. Bd3 a6
15. O-O Qc7 16. b4 b5 17. Nb2 Nb6 18. a4 Bd7 19. a5 Nc4 20. Nxc4 dxc4 21. Be4
Rab8 22. Rad1 Rfd8 23. Qc5 Rbc8 24. Rd6 Qxc5+ 25. bxc5 Rxc5 26. Rfd1 Rc7 27.
Bc6 Rxc6 28. Rxc6 Kf8 29. Rxa6 Ke7 30. Rad6 b4 31. cxb4 c3 32. Rc1 Bb5 33. Rxd8
Kxd8 34. Rxc3 g6 35. Rc5 Bd3 36. b5 Be4 37. a6 Ba8 38. b6 Bd5 39. Rxd5+ exd5
40. a7 1-0

[Event "Team junior-boys chess final 2016"]
[Site "Sochi"]
[Date "2016.05.05"]
[Round "5.1"]
[White "Egorov, Alexey"]
[Black "Salemgareev, Tagir"]
[Result "0-1"]
[WhiteElo "1817"]
[BlackElo "2235"]
[PlyCount "66"]
[EventDate "2016.05.01"]

1. e4 e5 2. Nf3 Nc6 3. Bb5 g6 4. Nc3 Bg7 5. O-O Nge7 6. d3 O-O 7. Re1 d6 8. Be3
Nd4 9. Bxd4 exd4 10. Ne2 c5 11. c3 dxc3 12. bxc3 a6 13. Bc4 b5 14. Bb3 Bb7 15.
Rc1 Bh6 16. Rb1 Qc7 17. Ng3 Rad8 18. d4 c4 19. Bc2 Qa5 20. Ne2 f5 21. d5 fxe4
22. Bxe4 Rde8 23. Rb2 Qa3 24. Rc2 Qc5 25. Ned4 Nxd5 26. Nh4 Nxc3 27. Rxc3 Rxe4
28. Rxe4 Bxe4 29. Kh1 Bg7 30. Ne6 Qxf2 31. Rc1 Qxh4 32. Nxf8 Qg5 33. Qf1 Bxg2+
0-1

[Event "Team junior-boys chess final 2016"]
[Site "Sochi"]
[Date "2016.05.05"]
[Round "5.1"]
[White "Kalabukhov, Bogdan"]
[Black "Abramov, Ilya"]
[Result "1-0"]
[WhiteElo "2056"]
[BlackElo "1939"]
[PlyCount "79"]
[EventDate "2016.05.01"]

1. d4 Nf6 2. Nf3 g6 3. g3 Bg7 4. Bg2 O-O 5. O-O d6 6. a4 Nc6 7. a5 a6 8. c4 e5
9. d5 Ne7 10. Nc3 Nd7 11. e4 f5 12. Ng5 Nf6 13. Ne6 Bxe6 14. dxe6 c6 15. Be3
fxe4 16. Bb6 Qb8 17. Nxe4 Nxe4 18. Bxe4 Rf6 19. h4 Rxe6 20. h5 Qf8 21. hxg6
hxg6 22. Qg4 Nf5 23. f4 Rae8 24. fxe5 Rxe5 25. Qxg6 Rxe4 26. Rxf5 Qe7 27. Raf1
Re1 28. Bd4 Rxf1+ 29. Rxf1 Rf8 30. Rxf8+ Qxf8 31. Bxg7 Qxg7 32. Qxg7+ Kxg7 33.
Kf2 Kg6 34. Kf3 Kf5 35. g4+ Kg5 36. Kg3 d5 37. cxd5 cxd5 38. Kf3 d4 39. Ke4
Kxg4 40. Kxd4 1-0

[Event "Team junior-boys chess final 2016"]
[Site "Sochi"]
[Date "2016.05.05"]
[Round "5.1"]
[White "Pranizin, Evgeny"]
[Black "Dudin, Gleb"]
[Result "0-1"]
[WhiteElo "1651"]
[BlackElo "1857"]
[PlyCount "88"]
[EventDate "2016.05.01"]

1. e4 e6 2. d4 d5 3. Nc3 Nf6 4. Bg5 Bb4 5. Nge2 dxe4 6. a3 Be7 7. Bxf6 Bxf6 8.
Nxe4 Nd7 9. Qd3 b6 10. O-O-O a5 11. f4 Ba6 12. Qf3 Qc8 13. g4 Be7 14. N2c3 Bxf1
15. Rhxf1 f5 16. gxf5 exf5 17. Nd5 fxe4 18. Qxe4 Qd8 19. Rde1 Nf6 20. Qxe7+
Qxe7 21. Rxe7+ Kd8 22. Re5 Rf8 23. Rg1 g6 24. Nxf6 Rxf6 25. f5 Kd7 26. fxg6
Rxg6 27. Rxg6 hxg6 28. Kd2 Rh8 29. Re2 Kd6 30. Rg2 Kd5 31. Kd3 Rh3+ 32. Rg3
Rxh2 33. Rg5+ Kd6 34. Rxg6+ Kd7 35. b3 Rh3+ 36. Kc4 Rh2 37. c3 Rh3 38. a4 Kc8
39. Rg4 Kd7 40. d5 Rh7 41. Kb5 Rh3 42. Rg7+ Kc8 43. c4 Kb7 44. b4 Rb3 0-1

[Event "Team junior-boys chess final 2016"]
[Site "Sochi"]
[Date "2016.05.05"]
[Round "5.2"]
[White "Nesterov, Arseniy"]
[Black "Plaksin, Igor"]
[Result "1-0"]
[WhiteElo "2273"]
[BlackElo "1621"]
[PlyCount "59"]
[EventDate "2016.05.01"]

1. e4 e5 2. Nf3 Nc6 3. Nc3 Nf6 4. d4 Bb4 5. Nxe5 Nxe4 6. Qf3 Nd6 7. Be3 Qf6 8.
Qxf6 gxf6 9. Nd3 Nf5 10. Nxb4 Nxb4 11. O-O-O Nxe3 12. fxe3 d6 13. a3 Nc6 14.
Nd5 Kd8 15. Nxf6 Ne7 16. Bd3 Be6 17. Nxh7 Nf5 18. Bxf5 Bxf5 19. Ng5 Kd7 20.
Rdf1 Be6 21. e4 Bc4 22. Rf2 Rag8 23. Nh3 Rg4 24. b3 Ba6 25. Rxf7+ Ke6 26. Rxc7
Rxg2 27. d5+ Ke5 28. Re7+ Kd4 29. Rd1+ Ke3 30. e5 1-0

[Event "Team junior-boys chess final 2016"]
[Site "Sochi"]
[Date "2016.05.05"]
[Round "5.2"]
[White "Smelykh, Edvin"]
[Black "Poliakov, Artem"]
[Result "0-1"]
[WhiteElo "1664"]
[BlackElo "2168"]
[PlyCount "68"]
[EventDate "2016.05.01"]

1. e4 d5 2. exd5 Qxd5 3. Nc3 Qd6 4. d4 Nf6 5. Nf3 a6 6. Bc4 b5 7. Bb3 Bb7 8.
Ne5 e6 9. f3 c5 10. Qe2 c4 11. Bxc4 bxc4 12. Nxc4 Qd8 13. a4 Bb4 14. Qd3 Nc6
15. Be3 Nd5 16. Rd1 Bxc3+ 17. bxc3 Nxe3 18. Qxe3 O-O 19. Rb1 Rb8 20. O-O Na5
21. Nd2 Bd5 22. Ne4 Nc4 23. Qf2 a5 24. Nc5 Qd6 25. Rfe1 Rxb1 26. Rxb1 Rb8 27.
Qe1 h6 28. Rb3 Kh7 29. Ne4 Qc7 30. h3 Nd6 31. Rxb8 Qxb8 32. Nxd6 Qxd6 33. Qd1
Qc6 34. Qd3+ Kg8 0-1

[Event "Team junior-boys chess final 2016"]
[Site "Sochi"]
[Date "2016.05.05"]
[Round "5.2"]
[White "Brin, Ilya"]
[Black "Ivanov, Ilya"]
[Result "1-0"]
[WhiteElo "1817"]
[BlackElo "1669"]
[PlyCount "67"]
[EventDate "2016.05.01"]

1. d4 e6 2. c4 d5 3. Nc3 Nf6 4. cxd5 exd5 5. Bg5 c6 6. e3 Be7 7. Bd3 Bg4 8. f3
Bh5 9. Nge2 O-O 10. O-O Nbd7 11. e4 Nxe4 12. fxe4 Bxg5 13. exd5 Bxe2 14. Qxe2
Nf6 15. Ne4 Nxd5 16. Qh5 Bh6 17. Rf3 Nf4 18. Rxf4 Qxd4+ 19. Kh1 Qxd3 20. Qf5
Qd5 21. Nf6+ gxf6 22. Rg4+ Bg5 23. Qxf6 h6 24. Qxh6 f6 25. Qg6+ Kh8 26. Rg3 Qd7
27. Rh3+ Qxh3 28. gxh3 Rg8 29. Qh5+ Kg7 30. Re1 Kf8 31. h4 Bd2 32. Re6 Rd8 33.
Rxf6+ Ke7 34. Qf7# 1-0

[Event "Team junior-boys chess final 2016"]
[Site "Sochi"]
[Date "2016.05.05"]
[Round "5.2"]
[White "Kirushin, Ivan"]
[Black "Petrovskiy, Andrey"]
[Result "0-1"]
[WhiteElo "1625"]
[BlackElo "1616"]
[PlyCount "150"]
[EventDate "2016.05.01"]

1. e4 e5 2. Nf3 Nc6 3. Nc3 Bc5 4. Nxe5 Bxf2+ 5. Kxf2 Nxe5 6. d4 Nc6 7. Be3 d6
8. Bc4 Nf6 9. h3 O-O 10. Re1 b6 11. Kg1 h6 12. Qd2 Bb7 13. a3 Ne7 14. Bd3 Ng6
15. Bf2 Re8 16. Bg3 c5 17. Nb5 Nxe4 18. Bxe4 Rxe4 19. Rxe4 Bxe4 20. Nxd6 Bc6
21. dxc5 bxc5 22. Qc3 Qg5 23. Rf1 Qd5 24. Rf2 f6 25. Rd2 Qg5 26. Kh2 h5 27.
Qc4+ Kh7 28. Rf2 Bd5 29. Qd3 c4 30. Nxc4 h4 31. Bf4 Bxc4 32. Qxc4 Qf5 33. Qd3
Qxd3 34. cxd3 Ne7 35. Rd2 Nd5 36. Bd6 a6 37. b4 Rd8 38. Bc5 Re8 39. a4 Nc3 40.
a5 g5 41. d4 Nd5 42. Rd3 Re2 43. Bd6 f5 44. Kg1 Ne3 45. g3 hxg3 46. Bxg3 Rg2+
47. Kh1 Rxg3 48. d5 f4 49. d6 f3 50. Rd2 f2 51. Rxf2 Nc4 52. d7 Rd3 53. Rf6
Rxd7 54. Rxa6 Rb7 55. Rc6 Rxb4 56. a6 Ra4 57. a7 Ne5 58. Rc5 Nf7 59. Rc4 Ra1+
60. Kg2 Nh6 61. Rc7+ Kg6 62. Rc6+ Kh5 63. Rc7 Nf5 64. Rh7+ Kg6 65. Rb7 Ra3 66.
Kh2 Kf6 67. Rb6+ Ke5 68. Rb4 Rxa7 69. Rg4 Kf6 70. Re4 Ra2+ 71. Kg1 Nh4 72. Rb4
Kf5 73. Rb5+ Kf4 74. Rc5 Nf3+ 75. Kf1 Kg3 0-1

[Event "Team junior-boys chess final 2016"]
[Site "Sochi"]
[Date "2016.05.05"]
[Round "5.3"]
[White "Skatchkov, Valery"]
[Black "Sokolov, Nikita Dm"]
[Result "0-1"]
[WhiteElo "2146"]
[BlackElo "2126"]
[PlyCount "120"]
[EventDate "2016.05.01"]

1. d4 Nf6 2. Nf3 g6 3. g3 Bg7 4. Bg2 O-O 5. c4 c6 6. O-O d5 7. cxd5 cxd5 8. Nc3
Ne4 9. Ne5 Nxc3 10. bxc3 Nc6 11. Nxc6 bxc6 12. Ba3 Ba6 13. Re1 Re8 14. e4 e6
15. h4 Bf8 16. Bxf8 Rxf8 17. Qa4 Bb5 18. Qa3 h5 19. Rab1 Qd7 20. Qc5 Rfb8 21.
f4 Bd3 22. Rb4 Rxb4 23. cxb4 Bxe4 24. Bxe4 dxe4 25. Rxe4 Qd5 26. Qxd5 cxd5 27.
Re3 Rc8 28. Ra3 Rc7 29. Kf2 Kg7 30. Ke3 Kf6 31. Ra5 Kf5 32. Rc5 Rb7 33. a3 Kg4
34. Kf2 f6 35. Rc6 Kf5 36. Ra6 Rc7 37. b5 Rb7 38. a4 Rc7 39. Rc6 Rb7 40. Ke3
Re7 41. Kd2 Ke4 42. Kc3 Kf3 43. Kb4 Kxg3 44. Kc5 Kxh4 45. Kd6 Rh7 46. Kxe6 g5
47. Kxd5 g4 48. Rxf6 Kg3 49. Ke4 h4 50. Rc6 Re7+ 51. Kf5 Rf7+ 52. Kg5 Rxf4 53.
Rc3+ Rf3 54. Rc1 h3 55. Rd1 h2 56. d5 Kg2 57. Kxg4 Rf1 58. Rd2+ Rf2 59. Rd1
h1=Q 60. Rxh1 Kxh1 0-1

[Event "Team junior-boys chess final 2016"]
[Site "Sochi"]
[Date "2016.05.05"]
[Round "5.3"]
[White "Yarygin, Maksim"]
[Black "Vdovin, Maxim"]
[Result "1-0"]
[WhiteElo "1930"]
[BlackElo "1946"]
[PlyCount "101"]
[EventDate "2016.05.01"]

1. Nf3 Nf6 2. g3 b6 3. Bg2 Bb7 4. d3 d5 5. O-O e6 6. Nbd2 Be7 7. b3 O-O 8. Bb2
c5 9. Qe1 Nc6 10. a3 Rc8 11. e4 Qc7 12. Qe2 dxe4 13. Nxe4 Nxe4 14. dxe4 e5 15.
c3 Rfd8 16. Rfd1 f6 17. Nd2 Kh8 18. Bh3 Rb8 19. Bf5 Bc8 20. Bxc8 Qxc8 21. Nf1
Qe6 22. Qc2 Na5 23. c4 b5 24. Rxd8+ Bxd8 25. Ne3 bxc4 26. bxc4 Nb3 27. Rb1 Nd4
28. Bxd4 Rxb1+ 29. Qxb1 exd4 30. Nd5 Bb6 31. Qd3 Qe8 32. Qf3 Qe6 33. Kg2 h6 34.
h3 Kg8 35. Kh2 Kh8 36. h4 Kg8 37. Kg2 Kh8 38. h5 Kg8 39. Kg1 Bd8 40. a4 Bb6 41.
Nf4 Qxc4 42. Ng6 d3 43. Qf5 Qd4 44. Qe6+ Kh7 45. Nf8+ Kh8 46. Nd7 Kh7 47. Qe8
Qxa4 48. Nf8+ Kg8 49. Qxa4 Kxf8 50. Kf1 Kf7 51. Qd7+ 1-0

[Event "Team junior-boys chess final 2016"]
[Site "Sochi"]
[Date "2016.05.05"]
[Round "5.3"]
[White "Suvorov, Aleksandr"]
[Black "Vetokhin, Ilia"]
[Result "1/2-1/2"]
[WhiteElo "1938"]
[BlackElo "1799"]
[PlyCount "114"]
[EventDate "2016.05.01"]

1. e4 c6 2. Nc3 d5 3. Nf3 Bg4 4. h3 Bxf3 5. Qxf3 e6 6. d3 Nd7 7. Bd2 g6 8. g3
Bg7 9. Bg2 Ne7 10. O-O O-O 11. Qe2 d4 12. Nd1 c5 13. f4 Qb6 14. b3 e5 15. Nb2
Qc7 16. a4 a6 17. a5 Rae8 18. Nc4 Nc8 19. f5 Nd6 20. g4 Nxc4 21. bxc4 h6 22. h4
Ra8 23. Kf2 Qd8 24. g5 h5 25. Ke1 b5 26. axb6 Qxb6 27. f6 Nxf6 28. gxf6 Bxf6
29. Qf2 Bg7 30. Ke2 Qe6 31. Qg3 Rfb8 32. Ra5 Qd6 33. Bf3 Ra7 34. Rg1 Qf8 35.
Bxh5 gxh5 36. Qxe5 f6 37. Qxh5 Rbb7 38. Rxc5 f5 39. Rxf5 Qb8 40. Qg4 Qh2+ 41.
Rg2 Qd6 42. Rd5 Qf8 43. h5 Rb1 44. Rf5 Rf7 45. h6 Rxf5 46. Qxg7+ Qxg7 47. Rxg7+
Kh8 48. exf5 a5 49. Bxa5 Re1+ 50. Kf3 Rf1+ 51. Ke4 Rf4+ 52. Kd5 Rxf5+ 53. Kc6
Rc5+ 54. Kb7 Rb5+ 55. Ka8 Rb8+ 56. Ka7 Ra8+ 57. Kb7 Ra7+ 1/2-1/2

[Event "Team junior-boys chess final 2016"]
[Site "Sochi"]
[Date "2016.05.05"]
[Round "5.3"]
[White "Novikov, Roman"]
[Black "Bobkov, Vadim"]
[Result "1-0"]
[WhiteElo "1711"]
[BlackElo "1887"]
[PlyCount "67"]
[EventDate "2016.05.01"]

1. d4 d5 2. c4 e6 3. Nc3 Be7 4. Nf3 Nf6 5. Bg5 O-O 6. e3 h6 7. Bh4 b6 8. cxd5
Nxd5 9. Bxe7 Qxe7 10. Bd3 c5 11. O-O Nc6 12. Rc1 Bb7 13. dxc5 Nxc3 14. Rxc3
bxc5 15. Bb1 Rac8 16. a3 c4 17. Qc2 g6 18. Rxc4 e5 19. b4 Nxb4 20. axb4 Ba6 21.
b5 Bb7 22. Rxc8 Rxc8 23. Qb2 Rc5 24. Rc1 Qd7 25. Nxe5 Qd5 26. Nf3 Rxb5 27. Qd4
Qh5 28. Be4 Ba6 29. h3 Ra5 30. Rc7 Ra2 31. Qf6 g5 32. Bd5 Bc4 33. Rc8+ Kh7 34.
Rh8# 1-0